Вып. 8 : Физика; История и методология естественных наук

Λεπτομέρειες βιβλιογραφικής εγγραφής
Parent link:История и методология естественных наук: сборник статей/ Московский государственный университет им. М. В. Ломоносова (МГУ) ; под ред. Д. И. Гордеева. Вып. 8 : Физика.— , 1960-1992
Άλλοι συγγραφείς: Предводителев А. С. (редактор), Романовский Е. А.
Γλώσσα:Ρωσικά
Έκδοση: 1970
Θέματα:
Μορφή: Βιβλίο
KOHA link:https://koha.lib.tpu.ru/cgi-bin/koha/opac-detail.pl?biblionumber=160719

MARC

LEADER 00000nam2a2200000 4500
001 160719
005 20231101222216.0
035 |a (RuTPU)RU\TPU\book\174302 
090 |a 160719 
100 |a 20090527d1970 k y0rusy50 ca 
101 0 |a rus 
102 |a RU 
105 |a a z 001zy 
200 0 |a Вып. 8 : Физика  |f под ред. А. С. Предводителева , Е. А. Романовского 
210 |d 1970 
215 |a 300 с.  |c ил. 
320 |a Именной указатель : с. 292-298 
461 1 |0 (RuTPU)RU\TPU\book\174595  |t История и методология естественных наук  |o сборник статей  |f Московский государственный университет им. М. В. Ломоносова (МГУ) ; под ред. Д. И. Гордеева  |v Вып. 8 : Физика  |d 1960-1992 
606 1 |a Естествознание  |x История  |2 stltpush  |3 (RuTPU)RU\TPU\subj\38880  |9 59129 
606 1 |a Физическая наука  |x История  |2 stltpush  |3 (RuTPU)RU\TPU\subj\63824  |9 80761 
610 1 |a методология 
610 1 |a физика 
610 1 |a естественные науки 
610 1 |a проблемы 
675 |a 50  |v 3 
675 |a 53(09)  |v 3 
702 1 |a Предводителев  |b А. С.  |4 340 
702 1 |a Романовский  |b Е. А.  |4 340 
801 1 |a RU  |b 63413507  |c 20090527  |g PSBO 
801 2 |a RU  |b 63413507  |c 20220610  |g PSBO 
942 |c BK